[Event "Wellington Mazur Memorial"]
[Site "Wellington"]
[Date "2016.07.21"]
[Round "2"]
[White "Forster, William"]
[Black "Forlong Ford, Colwyn"]
[Result "1-0"]
[WhiteElo "2075"]
[BlackElo "1731"]
[PlyCount "37"]
[EventDate "2016.07.21"]
[EventType "swiss"]
[EventRounds "8"]
[EventCountry "NZL"]
[SourceTitle "EXT 2018"]
[Source "ChessBase"]
[SourceDate "2017.10.13"]
[SourceVersion "1"]
[SourceVersionDate "2017.10.13"]
[SourceQuality "1"]

1. d4 e6 2. c4 b6 3. e4 Bb7 4. Nc3 Bb4 5. e5 Qh4 6. Nf3 Bxf3 7. Qxf3 Nc6 8. Be3 0-0-0 9. a3 Bxc3+ 10. bxc3 Qe7 11. a4 Kb8 12. c5 f6 13. Ba6 fxe5 14. dxe5 Rf8 15. Qe4 Rf5 16. a5 Rxe5 17. Qc4 Nf6 18. axb6 axb6 19. Bb7 1-0